Distribución geográfica del índice cefálico en España (Record no. 161007)
[ view plain ]
| 000 -LEADER | |
|---|---|
| campo de control de longitud fija | 01006nam a2200205 i 4500 |
| 001 - NÚMERO DE CONTROL | |
| campo de control | 161007 |
| 003 - IDENTIFICADOR DE NÚMERO DE CONTROL | |
| campo de control | ES-MaACL |
| 005 - FECHA Y HORA DE LA ÚLTIMA TRANSACCIÓN | |
| campo de control | 20250811063157.0 |
| 008 - DATOS DE LONGITUD FIJA--INFORMACIÓN GENERAL | |
| campo de control de longitud fija | 990528s1894 sp a |||| | spa d |
| 040 ## - FUENTE DE CATALOGACIÓN | |
| Centro catalogador/agencia de origen | CCPB | B |
| Lengua de catalogación | spa |
| Centro/agencia transcriptor | CCPB | B |
| 100 1# - ENTRADA PRINCIPAL--NOMBRE DE PERSONA | |
| Nombre de persona | Olóriz Aguilera, Federico, |
| Fechas asociadas al nombre | 1855-1912 |
| 9 (RLIN) | 87005 |
| 245 10 - MENCIÓN DEL TÍTULO | |
| Título | Distribución geográfica del índice cefálico en España |
| Resto del título | : deducida del exámen de 8.368 varones adultos : memoria presentada al Congreso Geográfico Hispano-Portugués-Americano, en sesión de 19 de octubre de 1892, / |
| Mención de responsabilidad, etc. | por el autor Don Federico Olóriz, ... |
| 260 ## - PUBLICACIÓN, DISTRIBUCIÓN, ETC. | |
| Lugar de publicación, distribución, etc. | Madrid : |
| Nombre del editor, distribuidor, etc. | [s.n.], |
| Fecha de publicación, distribución, etc. | 1894 ( |
| Fabricante | Imprenta del Memorial de Ingenieros) |
| 300 ## - DESCRIPCIÓN FÍSICA | |
| Extensión | 292 p., [2] h. pleg. de map. ; |
| Dimensiones | 25 cm. |
| 599 #1 - NOTA A LAS ILUSTRACIONES | |
| NOTA A LAS ILUSTRACIONES | 2 h. de map. litogr. col.: "J. Palacios" |
| 650 #4 - PUNTO DE ACCESO ADICIONAL DE MATERIA--TÉRMINO DE MATERIA | |
| Término de materia o nombre geográfico como elemento de entrada | Craneología. |
| 9 (RLIN) | 135829 |
| 711 04 - ENTRADA AGREGADA--NOMBRE DE REUNIÓN | |
| Nombre de congreso/reunión o jurisdicción como elemento de entrada | Congreso Geográfico Hispano-Portugués-Americano ( |
| Fecha del congreso o de la firma del tratado | 1892. |
| Sede del congreso/Lugar de la reunión | Madrid) |
| 9 (RLIN) | 376 |
| 852 ## - LOCALIZACIÓN | |
| Ubicación | ES-MaACL |
| Número de control de estantería | B-10868 |
| Nota libre | -- Enc. hol. |
| -- | .- Ded. manuscrita del autor |
| Estatus retirado | Estado de pérdida | Estado de daño | No para préstamo | Colección | Biblioteca de origen | Biblioteca actual | Ubicación en estantería | Fecha de adquisición | Fuente de adquisición | Total de préstamos | Signatura topográfica completa | Código de barras | Visto por última vez | Precio de reemplazo | Tipo de ítem Koha |
|---|---|---|---|---|---|---|---|---|---|---|---|---|---|---|---|
| Libros del s. XIX | Biblioteca del Ateneo de Madrid | Biblioteca del Ateneo de Madrid | Sala Pardo Bazán | 17/01/2008 | B-10868 | 1168621 | 23/02/2023 | 23/02/2023 | Libro impreso antiguo |
